Cestovné náhrady
Legislatíva upravujúca cestovné náhrady v SR. Poskytovanie cestovných náhrad. Cestovné náhrady podnikateľa a SZČO. Pojmy používané v súvislosti s cestovnými náhradami. Poskytovanie náhrad. Náhrady pri zahraničných pracovných cestách. Náhrady pri výkone práce v zahraničí. Spoločné ustanovenia.
Salvato in:
| Autore principale: | |
|---|---|
| Natura: | Capitolo di libro |
| Lingua: | slovacco |
| Soggetti: | |
| Tags: |
Nessun Tag, puoi essere il primo ad aggiungerne!!
|
MARC
| LEADER | 00000naa a2200000 4500 | ||
|---|---|---|---|
| 001 | 0238320 | ||
| 005 | 20220805074245.9 | ||
| 041 | 0 | |a slo | |
| 044 | |a SK | ||
| 245 | 1 | 0 | |a Cestovné náhrady |c Tibor Trizuliak |
| 520 | |a Legislatíva upravujúca cestovné náhrady v SR. Poskytovanie cestovných náhrad. Cestovné náhrady podnikateľa a SZČO. Pojmy používané v súvislosti s cestovnými náhradami. Poskytovanie náhrad. Náhrady pri zahraničných pracovných cestách. Náhrady pri výkone práce v zahraničí. Spoločné ustanovenia. | ||
| 610 | 2 | 0 | |a cesty pracovné |
| 610 | 2 | 0 | |a práca v zahraničí |
| 610 | 2 | 0 | |a zamestnanci |
| 610 | 2 | 0 | |a zamestnávatelia |
| 610 | 2 | 0 | |a podnikatelia |
| 610 | 2 | 0 | |a osoby samostatne zárobkovo činné |
| 610 | 2 | 0 | |a ubytovanie |
| 610 | 2 | 0 | |a benzín |
| 610 | 2 | 0 | |a náklady |
| 610 | 2 | 0 | |a výdavky |
| 610 | 2 | 0 | |a legislatíva |
| 100 | 1 | |a Trizuliak, Tibor | |